000 00339nam a2200133Ia 4500
008 191201s2018 xx 000 0 und d
082 _a615.1 AQL
100 _aAQIL, Mohammed
245 0 _aLaboratory Manual of hospital pharmacy
260 _bBirla Pub
_aNew Delhi
_c2018
300 _a102
650 _aHospital Pharmacy
942 _2ddc
_cBK
999 _c8268
_d8268